Community health nursing : (Record no. 868)

000 -LEADER
fixed length control field 01106nam a22003257a 4500
001 - CONTROL NUMBER
control field 12375965
003 - CONTROL NUMBER IDENTIFIER
control field OSt
005 - DATE AND TIME OF LATEST TRANSACTION
control field 20210426094812.0
008 - FIXED-LENGTH DATA ELEMENTS--GENERAL INFORMATION
fixed length control field 010411s2001 mau 000 0 eng d
010 ## - LIBRARY OF CONGRESS CONTROL NUMBER
LC control number 2001267921
020 ## - INTERNATIONAL STANDARD BOOK NUMBER
International Standard Book Number 0763707066
035 ## - SYSTEM CONTROL NUMBER
System control number (OCoLC)ocm46387561
040 ## - CATALOGING SOURCE
Original cataloging agency STU
Transcribing agency STU
Modifying agency DLC
Language of cataloging eng
041 ## - LANGUAGE CODE
Language code of text/sound track or separate title eng
042 ## - AUTHENTICATION CODE
Authentication code lccopycat
050 00 - LIBRARY OF CONGRESS CALL NUMBER
Classification number RT98
Item number .L86 2001
080 ## - UNIVERSAL DECIMAL CLASSIFICATION NUMBER
Universal Decimal Classification number 614
Item number L-96
082 00 - DEWEY DECIMAL CLASSIFICATION NUMBER
Classification number 610.73/43
Edition number 21
100 1# - MAIN ENTRY--PERSONAL NAME
Personal name Lundy, Karen Saucier.
245 10 - TITLE STATEMENT
Title Community health nursing :
Remainder of title caring for the public's health /
Statement of responsibility, etc. / by: Jones and Bartlett Publishers
260 ## - PUBLICATION, DISTRIBUTION, ETC.
Place of publication, distribution, etc. Sudbury, MA :
Name of publisher, distributor, etc. Jones and Bartlett Publishers
Date of publication, distribution, etc. c2001.
300 ## - PHYSICAL DESCRIPTION
Extent xxi, 1018 p. :
Other physical details ill., ports. ;
Dimensions 29 cm.
650 #0 - SUBJECT ADDED ENTRY--TOPICAL TERM
Topical term or geographic name entry element Community health nursing.
650 #0 - SUBJECT ADDED ENTRY--TOPICAL TERM
Topical term or geographic name entry element Public Health
9 (RLIN) 337
653 ## - INDEX TERM--UNCONTROLLED
Uncontrolled term საზოგადოებრივი ჯანდაცვა
700 1# - ADDED ENTRY--PERSONAL NAME
Personal name Janes, Sharyn.
906 ## - LOCAL DATA ELEMENT F, LDF (RLIN)
a 7
b cbc
c copycat
d 3
e ncip
f 20
g y-gencatlg
942 ## - ADDED ENTRY ELEMENTS (KOHA)
Source of classification or shelving scheme
Koha item type Books
Holdings
Withdrawn status Lost status Source of classification or shelving scheme Damaged status Not for loan Permanent location Current location Date acquired Inventory number Total Checkouts Full call number Barcode Date last seen Price effective from Koha item type
          Ken Walker International University Ken Walker International University 12/29/2020 2366   614 L-96 2366 12/29/2020 12/29/2020 Books
          Ken Walker International University Ken Walker International University 12/29/2020 2365   614 L-96 2365 12/29/2020 12/29/2020 Books

Powered by Koha